000 00922nas a2200253 4500
001 BR8301960
003 BR-BrBNA
005 20231205085523.0
007 ta
008 230509b bl.|||p| |||| 00| 00por d
040 _aBR-BrBNA
_bpor
_cBiblioteca Nacional de Agricultura
041 _a(Pt)
072 _aH20
100 1 _aNogueira, E.M.C. (Instituto Biologico, Sao Paulo, SP (Brazil)
100 1 _aRodrigues Neto, J.
245 1 _aXanthomonas campestris pv. pruni em Prunus spp. no estado de Sao Paulo [ameixa, podridao negra, Brasil]
246 1 _aOccurrence of Xanthomonas campestris pv. pruni affecting plums and peaches in the state of Sao Paulo [black rot, Brazil]
650 _aAMEIXA
650 _aPODRIDAO NEGRA
650 _aSAO PAULO
773 0 _tBiologico (Brazil)
_xISSN 0366-0567
_g(Sep 1982), v. 48(9) p. 227-229
_wBR8301960
909 _a202311
_bLúcia
_c55
_dLúcia Elande
942 _2AGRIS
_n0
_cANA
999 _c111962
_d111962